| 000 | 01373 a2200253 4500 | ||
|---|---|---|---|
| 005 | 20250218132730.0 | ||
| 020 | _a9780702082528 | ||
| 050 | 0 | 0 |
_aRD 31 _bPRI 2023 |
| 245 | 0 | 0 |
_aPrinciples and practice of surgery / _cedited by O. James Garden, CBE BSc MB, ChB, MD, FRCS (Glas) FRCS (Ed) FRCP (Ed) FRACS (Hon) FRCSCan (Hon) FACS (Hon) FRCS (Hon) FCSHK (Hon) FRCSI (Hon) Regius Professor of Clinical Surgery, Clinical Surgery, University of Edinburgh; Honorary Consultant Hepatobiliary and pancreatic Surgeon, Royal Infirmary of Edinburgh, UK, Rowan W. Parks, MB, BCh, BAO, MD, FRCSI, FRCS(Ed), Professor of Surgical Sciences, Clinical Surgery, University of Edinburgh; Honorary Consultant Hepatobiliary and Pancreatic Surgeon, Royal Infirmary of Edinburgh, UK. |
| 250 | _aeighth edition | ||
| 264 | 1 |
_aEdinburgh ; _aNew York : _bElsevier, _c2023 |
|
| 300 |
_ax, 568 pages : _billustrations (some color) ; |
||
| 336 |
_atext _btxt _2rdacontent |
||
| 337 |
_aunmediated _bn _2rdamedia |
||
| 338 |
_avolume _bnc _2rdacarrier |
||
| 500 | _aCover title: Principles & practice of surgery. | ||
| 500 | _aIncludes index. | ||
| 650 | 0 | _aSurgery. | |
| 650 | 0 | _aSurgery, Operative. | |
| 700 | 1 |
_aWigmore,Stephen. J _eeditor |
|
| 700 | 1 |
_aParks, Rowan W., _eeditor. |
|
| 942 |
_2lcc _cBK _eeighth edition _h31 _iGAR _kRD |
||
| 999 |
_c11373 _d11373 |
||